Normal view
MARC view
- Petit, Patrick Uwe
Entry Personal Name
001 - CONTROL NUMBER
- control field: 82010
003 - CONTROL NUMBER IDENTIFIER
- control field: NUST
005 - DATE AND TIME OF LATEST TRANSACTION
- control field: 20210901144617.0
008 - FIXED-LENGTH DATA ELEMENTS
- fixed length control field: 210901|| aca||aabn | a|a d
040 ## - CATALOGING SOURCE
- Original cataloging agency: NUST
- Transcribing agency: NUST
100 ## - HEADING--PERSONAL NAME
- Personal name: Petit, Patrick Uwe
670 ## - SOURCE DATA FOUND
- Source citation: Work cat.: (NUST)0: Shaping the culture of peace in a multilateral world /, 2011.
